Discurso del Rector con motivo de la cuenta anual Claustro Pleno Ordinario 2003
I tiakina i:
| Kaituhi matua: | |
|---|---|
| Hōputu: | Pukapuka |
| Reo: | Pāniora |
| I whakaputaina: |
Valparaíso
Pontificia Universidad Católica de Valparaíso
2003
|
| Ngā marau: | |
| Ngā Tūtohu: |
Tāpirihia he Tūtohu
Kāore He Tūtohu, Me noho koe te mea tuatahi ki te tūtohu i tēnei pūkete!
|
MARC
| LEADER | 00000nam a2200000 a 4500 | ||
|---|---|---|---|
| 001 | UCG2660 | ||
| 003 | CL-VaPUC | ||
| 005 | 20250221151639.0 | ||
| 008 | 100715e20030806CL |||||||||||||||||spa|d | ||
| 999 | |c 341790 |d 341788 | ||
| 040 | |c Pontificia Universidad Católica de Valparaíso | ||
| 082 | 0 | 4 | |a 378 |b MUG |2 21 |
| 100 | |a Muga Naredo, Alfonso |e autor |9 869110 | ||
| 245 | 1 | 0 | |a Discurso del Rector con motivo de la cuenta anual Claustro Pleno Ordinario 2003 |
| 260 | |a Valparaíso |b Pontificia Universidad Católica de Valparaíso |c 2003 | ||
| 300 | |a 31 p | ||
| 583 | |a last modification |c 20100715 00:00:00 |k Rodrigo Vera | ||
| 650 | 0 | |a Discursos académicos |9 472395 | |
| 650 | 0 | |a Pontificia Universidad Católica de Valparaíso |9 551180 | |
| 650 | 7 | |a CLAUSTRO PLENO ORDINARIO 2003 |2 CL-VaPUC |9 551184 | |
| 942 | |c BK |2 ddc | ||
| 945 | |d 20100715 00:00:00 |a mfarfan | ||
| 952 | |0 0 |1 0 |4 0 |6 378_000000000000000_MUG_2003 |7 0 |8 X |9 437539 |a FDOBUD |b FDOBUD |d 2019-11-22 |i 4687582 |o 378 MUG 2003 |p 4687582 |r 2019-11-22 |w 2019-11-22 |y BK_X |k FHP | ||
| 952 | |0 0 |1 0 |4 0 |6 378_000000000000000_MUG_2003 |7 0 |8 X |9 437540 |a FDOBUD |b FDOBUD |d 2019-11-22 |i 4687590 |o 378 MUG 2003 |p 4687590 |r 2019-11-22 |w 2019-11-22 |y BK_X |k FHP | ||